The (Almost) Impossible Flag Quiz V1 - Statistics

General Stats
  • This quiz has been taken 3,146 times
  • The average score is 149 of 484
Answer Stats
Picture Hint Answer % Correct
Afghanistan
74%
Albania
73%
Algeria
69%
Argentina
67%
Andorra
65%
Angola
65%
(Unofficial) Antarctica
63%
Armenia
61%
Antigua and Barbuda
60%
Austria
60%
Bangladesh
59%
Belgium
59%
Abkhazia
58%
American Samoa
58%
Australia
58%
Azerbaijan
58%
Bahamas
58%
Brazil
58%
Bahrain
57%
Barbados
57%
Belarus
57%
Bhutan
57%
Bosnia and Herzegovina
56%
Canada
56%
Belize
54%
Botswana
54%
Cambodia
54%
Chile
54%
China
54%
Benin
53%
Bulgaria
53%
Colombia
53%
Aruba
52%
Brunei
52%
Cameroon
52%
Chad
52%
Croatia
52%
Cuba
52%
Cyprus
52%
Denmark
52%
Burkina Faso
51%
Burundi
51%
Czech Republic
51%
England
51%
France
51%
Cape Verde
50%
Central African Republic
50%
Egypt
50%
Finland
50%
Georgia (Country)
50%
Germany
50%
Alaska
49%
Costa Rica
49%
Ecuador
49%
Estonia
49%
Greece
49%
India
49%
Japan
49%
Austria-Hungary
48%
California
48%
Comoros
48%
Democratic Republic of Congo
48%
Dominica
48%
Dominican Republic
48%
Ethiopia
48%
Greenland
48%
Iran
48%
Ireland
48%
Italy
48%
Djibouti
47%
East Timor
47%
El Salvador
47%
Eritrea
47%
Eswatini
47%
Ghana
47%
Haiti
47%
Honduras
47%
Hong Kong
47%
Iceland
47%
Indonesia
47%
Iraq
47%
Israel
47%
Jamaica
47%
Kenya
47%
Bolivia
46%
Fiji
46%
Guatemala
46%
Hungary
46%
Ivory Coast
46%
Jordan
46%
Kazakhstan
46%
Kosovo
46%
Lebanon
46%
Anguilla
45%
Congo (Republic of)
45%
Grenada
45%
Isle of Man
45%
Laos
45%
Latvia
45%
Liechtenstein
45%
Luxembourg
45%
Malaysia
45%
Malta
45%
Mexico
45%
Nepal
45%
Equatorial Guinea
44%
Faroe Islands
44%
Gibraltar
44%
Guyana
44%
Kiribati
44%
Kuwait
44%
Kyrgyzstan
44%
Lesotho
44%
Liberia
44%
Libya
44%
Lithuania
44%
Madagascar
44%
Mongolia
44%
Morocco
44%
Nigeria
44%
North Korea
44%
Norway
44%
Pakistan
44%
Qatar
44%
South Korea
44%
Spain
44%
United States
44%
Arizona
43%
Christmas Island
43%
Gabon
43%
Guinea
43%
Malawi
43%
Maldives
43%
Moldova
43%
Monaco
43%
Montenegro
43%
Niger
43%
North Macedonia
43%
Panama
43%
Philippines
43%
Poland
43%
Portugal
43%
Romania
43%
Russia
43%
Saudi Arabia
43%
Serbia
43%
Slovakia
43%
South Africa
43%
Sri Lanka
43%
Sweden
43%
Switzerland
43%
Thailand
43%
United Kingdom
43%
Vatican City
43%
Vietnam
43%
Bermuda
42%
Guinea-Bissau
42%
Micronesia
42%
Mozambique
42%
Myanmar
42%
Palestine
42%
Papua New Guinea
42%
Peru
42%
Scotland
42%
Singapore
42%
Slovenia
42%
Somalia
42%
Syria
42%
Taiwan
42%
Tunisia
42%
Uganda
42%
Ukraine
42%
Uruguay
42%
Venezuela
42%
Wales
42%
Guam
41%
Mali
41%
Marshall Islands
41%
Mauritania
41%
Mauritius
41%
Namibia
41%
Nauru
41%
New Zealand
41%
Nicaragua
41%
Oman
41%
Palau
41%
Paraguay
41%
Saint Lucia
41%
San Marino
41%
Senegal
41%
Seychelles
41%
South Sudan
41%
United Arab Emirates
41%
Uzbekistan
41%
Zambia
41%
Zimbabwe
41%
Catalonia
40%
Cook Islands
40%
Puerto Rico
40%
Rwanda
40%
Samoa
40%
Sudan
40%
Suriname
40%
Tajikistan
40%
Tanzania
40%
The Netherlands
40%
Togo
40%
Tonga
40%
Turkmenistan
40%
Alabama
39%
Arkansas
39%
Colorado
39%
Hawaii
39%
Saint Vincent & the Grenadines
39%
Sierra Leone
39%
Soviet Union
39%
Trinidad & Tobago
39%
Vanuatu
39%
Yemen
39%
British Indian Ocean Territory
38%
Nazi Germany
38%
Saint Kitts and Nevis
38%
Sao Tome & Principe
38%
Texas
38%
French Polynesia
37%
Guernsey
37%
The Gambia
37%
Tuvalu
37%
East Germany
36%
Jersey
36%
Solomon Islands
36%
Washington
36%
British Virgin Islands
35%
Cocos (Keeling) Islands
35%
Curaçao
35%
French Guiana
35%
Bonaire
34%
Falkland Islands
34%
Northern Ireland
34%
Ohio
34%
Georgia (U.S State)
33%
New Caledonia
33%
Niue
33%
Norfolk Island
33%
Aboriginal Australians
32%
Corsica
32%
Florida
32%
(Unofficial) Guadeloupe
32%
Macao
32%
Türkiye
32%
U.S. Virgin Islands
32%
German Empire
31%
Kurdistan
31%
Roman Empire
31%
Western Sahara
31%
New Mexico
30%
North Carolina
30%
Quebec
30%
Basque Country
29%
Easter Island
29%
Indiana
29%
Maine
29%
Maryland
29%
Montserrat
29%
Northern Cyprus
29%
Sicily
29%
Wyoming
29%
Cayman Islands
28%
Somaliland
28%
Tibet
28%
Tokelau
28%
Azores
27%
Delaware
27%
French Southern Antarctic Lands
27%
Idaho
27%
Italian Empire
27%
Martinique
27%
Canary Islands
26%
Holy Roman Empire
26%
Illinois
26%
Iowa
26%
Louisiana
26%
Mississippi
26%
Nebraska
26%
Nevada
26%
New Hampshire
26%
South Dakota
26%
Crimea
25%
Mayotte
25%
North Dakota
25%
Northern Mariana Islands
25%
Qing Dynasty
25%
Réunion
25%
Russian Empire
25%
South Carolina
25%
Tennessee
25%
Transnistria
25%
Turks and Caicos Islands
25%
Alberta
24%
British Columbia
24%
Flanders
24%
Oregon
24%
Prussia
24%
Sardinia
24%
South Ossetia
24%
Zanzibar
24%
Ascension Island
23%
British Antarctic Territory
23%
Byzantine Empire
23%
Connecticut
23%
Imperial Japan
23%
Kentucky
23%
New Jersey
23%
New York
23%
Rhode Island
23%
Saint Pierre and Miquelon
23%
Spanish Empire
23%
Wallis and Futuna
23%
Åland Islands
22%
Bougainville
22%
(Not Norway) Bouvet Island
22%
Kansas
22%
Mongol Empire
22%
Pitcairn Islands
22%
Sint Maarten
22%
Utah
22%
Vermont
22%
District of Colombia (Washington D.C)
21%
Montana
21%
Saint Helena
21%
South Georgia and the South Sandwich Islands
21%
Virginia
21%
Acre
20%
Ceuta
20%
Massachusetts
20%
Missouri
20%
Oklahoma
20%
Ottoman Empire
20%
Pennsylvania
20%
West Virginia
20%
Wisconsin
20%
Achaemenid Empire
19%
Michigan
19%
Saba
19%
Bali
18%
Chechnya
18%
Madeira
18%
Nunavut
18%
Portuguese Empire
18%
Wallonia
18%
Amazonas
17%
Ontario
17%
Saint Barthelemy
17%
São Paulo
17%
Minnesota
16%
Tristan da Cunha
16%
(Unofficial) Australian Antarctic Territory
15%
Australian Capital Territory
15%
Confederate States of America
15%
Darfur
15%
(1912 - 1949) Republic of China
15%
Sámi
15%
Sint Eustatius
15%
Tasmania
15%
Bahia
14%
Manitoba
14%
Nagorno-Karabakh
14%
Newfoundland and Labrador
14%
Nova Scotia
14%
Prince Edward Island
14%
Shetland
14%
Western Australia
14%
Akita
13%
(Unofficial) Argentine Antarctic
13%
Chilean Antarctic Territory
13%
Galapagos Islands
13%
Hokkaidō
13%
Mallorca
13%
New Brunswick
13%
New South Wales
13%
Queensland
13%
Victoria
13%
Wake Island
13%
Aichi
12%
Akrotiri and Dhekelia
12%
Alagoas
12%
Amapá
12%
(Unofficial) Baker Island
12%
Coral Sea Islands
12%
(Local) Johnston Atoll
12%
Kaliningrad
12%
Northern Territory
12%
Orkney
12%
Saskatchewan
12%
South Australia
12%
Tōkyō
12%
Yukon
12%
Espírito Santo
11%
Hiroshima
11%
Saint Martin
11%
West Papua
11%
Anglesey
10%
Barotseland
10%
Ceará
10%
Fukushima
10%
Melilla
10%
Midway Atoll
10%
Northwest Territories
10%
Aomori
9%
Ashmore and Cartier Islands
9%
Goiás
9%
Juan Fernandez Islands
9%
Mato Grosso
9%
Pará
9%
Paraná
9%
Puntland
9%
Rio de Janeiro
9%
(Unoffical) Ross Dependency
9%
Chiba
8%
Federal District
8%
Fukuoka
8%
Howland Island
8%
(Unofficial) Kingman Reef
8%
Kyōto
8%
Menorca
8%
Minas Gerais
8%
Nagasaki
8%
Navassa Island
8%
Pernambuco
8%
Ehime
7%
Gifu
7%
Gunma
7%
(Unoffical) Heard and McDonald Islands
7%
Lord Howe Island
7%
Maranhão
7%
Mato Grosso do Sul
7%
Netherlands Antilles
7%
Okinawa
7%
(Local) Palmyra Atoll
7%
Rio Grande do Sul
7%
Rondônia
7%
Santa Catarina
7%
Sergipe
7%
Fukui
6%
Ibaraki
6%
La Palma
6%
Mie
6%
Ōsaka
6%
Paraíba
6%
Piauí
6%
Rio Grande do Norte
6%
Roraima
6%
Saitama
6%
Tocantins
6%
Torres Strait Islands
6%
Hebrides
5%
Hyōgo
5%
Ishikawa
5%
Iwate
5%
Jarvis Bay Territory
5%
Kagawa
5%
Kagoshima
5%
Kanagawa
5%
Kumamoto
5%
Miyagi
5%
Nagano
5%
Nara
5%
Niigata
5%
Saga
5%
Shizuoka
5%
Wakayama
5%
Yamaguchi
5%
Kōchi
4%
Miyazaki
4%
Ōita
4%
Okayama
4%
Shiga
4%
Tochigi
4%
Tokushima
4%
Tottori
4%
Toyama
4%
Yamagata
4%
Yamanashi
4%
Shimane
3%
No matching quizzes found
Score Distribution
Percent of People with Each Score
Percentile by Number Answered
Your Score History
You have not taken this quiz